DD Things Quiz Stats

Quiz Updated Oct 19, 2012

Also try: FF Things
Challenge
Share
Tweet
Embed
Score 0/40 Timer 12:00
2 Plays Today
Clue Answer % Correct
Drinking tonight? Make sure one of your friends is this, so he can drive you home soberDesignated Driver
93.2%
Deep fried treats and coffee are sold at this chain in competition with Krispy Kreme in the USDunkin' Donuts
91.2%
Dunk a chip you've bitten before in the bowl and you will be accused of this party faux pasDouble Dip
90.5%
Distributor of illegal substances; my guy gets his stuff straight from ColombiaDrug Dealer
88.1%
Domestic pet entranceway that is usually a hinged flap on a human-sized doorDog Door
87.2%
Distinguishable, red, two story, London buses that first appeared in 1919Double-Decker
86.7%
Disney character with a sailor's cap, red bow tie, no pants, orange feet, and an orange billDonald Duck
86.3%
Decided term for the Normandy landings on Tuesday, 6 June 1944D-Day
86.2%
Day which an assignment is to be turned in. You'll need to do extra credit if you miss itDue Date
85.1%
Deplorable act of operating a vehicle while under the influence of alcoholDrunk Driving
83.6%
Drivers deliberately damage each other in this dirt track destruction event this Sunday! SUNDAY!Demolition Derby
81.5%
Don't put baby in the corner. This 1987 romantic film starred Patrick Swayze and Jennifer GreyDirty Dancing
80.9%
Dice rolls determine destiny in this fantasy RPG where dorks can be elves, wizards, or dwarvesDungeons & Dragons
77.8%
Different from thin crust or pan pizza, this Chicago-style of pizza is a bit thicker and heavierDeep Dish
77.8%
Declare your own wager in this hidden Jeopardy! clue. Answer, the _____ ______Daily Double
77.6%
Director and actor who was Louie De Palma in 'Taxi' and now plays Frank in 'It's Always Sunny'Danny DeVito
76.8%
Disgraceful military release reserved for those who commit serious offenses while in active dutyDishonorable Discharge
74.7%
Dapper physician who can talk with animals like the Pushmi-pullyuDoctor Dolittle
74.5%
Decade old music video game in which players move their feet to the beat (with ''Revolution'')Dance Dance
72.1%
Delino DeShields was born near here, the only state and capital that start with ''D'' (city, state)Dover, Delaware
71.5%
Clue Answer % Correct
Driest and hottest time of summer, or with ''Afternoon'', a film starring Al PacinoDog Days
70.9%
Dubbed ''The Ice Cream of the Future,'' this beaded treat is sold at stadiums and theme parksDippin' Dots
66%
During the 80s they picked up a Grammy for ''Hungry Like the Wolf'' and ''Girls on Film''Duran Duran
62.7%
Dude who played FBI Special Agent Fox Mulder on The X-FilesDavid Duchovny
55.2%
Death Row Records former co-owner, platinum gangsta rapper, and founding member of N.W.ADr. Dre
54.8%
Data and audio compression technologies company that provides surround sound for filmsDolby Digital
52.6%
Division of the US Federal Govt. charged with supervising functions of national securityDefense Department
50.8%
Doomsday-related visions follow Jake Gyllenhaal in this 2001 psychological thriller-fantasyDonnie Darko
48%
Dim-witted animated Canadian Mountie from a segment on ''The Rocky and Bullwinkle Show''Dudley Do-Right
40.5%
Devious archenemy of the Fantastic Four and leader of the Marvel Universe nation of LatveriaDoctor Doom
39.6%
Difficult to spell East African nation and capital between Eritrea, Ethiopia, and SomaliaDjibouti, Djibouti
39%
Devilish yet divine oxymoronic mascot of Wake Forest UniversityDemon Deacon
37.4%
Dexter's taller and clumsier sister from Cartoon Network's ''Dexter's Laboratory''Dee Dee
37%
Delivery of content through data transfer rather than through paper, CDs, or DVDsDigital Download / Digital Distribution
31.1%
Dirt based arcade game in which you tunnel around to defeat underground-dwelling monstersDig Dug
30.3%
Distinguished Chelsea goalscorer also known for his philanthropy in his native Côte d'IvoireDidier Drogba
25.3%
Dunk master known as ''Chocolate Thunder'' who slam jammed the NBA from 1975-'89Darryl Dawkins
18.9%
Dough paid in relation to a rented item to ensure it is returned in good conditionDamage Deposit
17.1%
Double platinum in the US, this sophomore album from Gorillaz featured ''Feel Good Inc.''Demon Days
15.4%
David Bowie's chart topping 1974 concept album featuring ''Rebel Rebel''Diamond Dogs
10.7%

You're not logged in!

Compare scores with friends on all Sporcle quizzes.
Sign Up with Email
OR
Log In

You Might Also Like...

Show Comments

Extras

Top Quizzes Today


Score Distribution

Your Account Isn't Verified!

In order to create a playlist on Sporcle, you need to verify the email address you used during registration. Go to your Sporcle Settings to finish the process.